00886 a2200181 45000010006000000050017000060080041000230030015000640400040000790800052001192450089001710200018002602640044002783000025003225050324003470410008006711000025006795998120260407155852.0260407a1986 arg spa dAR-UNSa-BCEJYS aAR-UNSa-BCEJYSbspacAR-UNSa-BCEJYS a342xDerecho constitucional (Derecho Público)10aLa reglamentación de los derechos constitucionalespteoría del orden de derechos a950-14-0301-7 1aBuenos Aires :bEdiciones Depalmac1986 axvii, 152 p.c23 cm. a1. La facultad de reglamentar ante los tribunales - 2. Definiciones – 3. Las reglamentaciones en favor de la capacidad de ejercer los derechos – 4. El utilitarismo y la constitución – 5. Criticas al utilitarismo de Bentham – 6. Un orden de derechos – 7. Algunas consideraciones sobre el derecho de propiedad aspa1 aGrondona, Mariano F.